<?xml version="1.0" encoding="UTF-8"?><?xml-stylesheet type="text/xsl" href="static/style.xsl"?><OAI-PMH xmlns="http://www.openarchives.org/OAI/2.0/" xmlns:xsi="http://www.w3.org/2001/XMLSchema-instance" xsi:schemaLocation="http://www.openarchives.org/OAI/2.0/ http://www.openarchives.org/OAI/2.0/OAI-PMH.xsd"><responseDate>2026-04-27T21:46:32Z</responseDate><request verb="GetRecord" identifier="oai:uvadoc.uva.es:10324/42680" metadataPrefix="marc">https://uvadoc.uva.es/oai/request</request><GetRecord><record><header><identifier>oai:uvadoc.uva.es:10324/42680</identifier><datestamp>2021-06-30T03:38:25Z</datestamp><setSpec>com_10324_38</setSpec><setSpec>col_10324_852</setSpec></header><metadata><record xmlns="http://www.loc.gov/MARC21/slim" xmlns:doc="http://www.lyncode.com/xoai" xmlns:xsi="http://www.w3.org/2001/XMLSchema-instance" xmlns:dcterms="http://purl.org/dc/terms/" xsi:schemaLocation="http://www.loc.gov/MARC21/slim http://www.loc.gov/standards/marcxml/schema/MARC21slim.xsd">
<leader>00925njm 22002777a 4500</leader>
<datafield tag="042" ind1=" " ind2=" ">
<subfield code="a">dc</subfield>
</datafield>
<datafield tag="720" ind1=" " ind2=" ">
<subfield code="a">García Román, Nuria</subfield>
<subfield code="e">author</subfield>
</datafield>
<datafield tag="260" ind1=" " ind2=" ">
<subfield code="c">2020</subfield>
</datafield>
<datafield tag="520" ind1=" " ind2=" ">
<subfield code="a">El turismo en la ciudad de Segovia aumenta cada año dando lugar a una situación en la&#xd;
que los principales productos turísticos de la ciudad producen una serie de&#xd;
aglomeraciones en las calles del casco antiguo de la ciudad que suponen un problema&#xd;
para los visitantes y los ciudadanos de Segovia. Aunque en la situación actual debido a&#xd;
la nueva normalidad que ha dejado el COVID-19 ha tenido como resultado la&#xd;
disminución de la afluencia de gente en general, suponemos que más adelante nos&#xd;
encontraremos con el panorama anterior a el virus. Este trabajo se presenta como una&#xd;
propuesta para solucionar dicho problema, ofreciendo un nuevo producto turístico en&#xd;
la ciudad a los visitantes lejos del eje central donde es frecuente la congestión de&#xd;
personas. Bajo una perspectiva feminista se estudiará la posibilidad de realizar un&#xd;
itinerario que fomenta además el refuerzo de la imagen de una Segovia feminista, con&#xd;
el nombre Ruta Feminista en Segovia y que tenga relación con el Encuentro de Mujeres&#xd;
que Transforman el Mundo.</subfield>
</datafield>
<datafield tag="024" ind2=" " ind1="8">
<subfield code="a">http://uvadoc.uva.es/handle/10324/42680</subfield>
</datafield>
<datafield tag="245" ind1="0" ind2="0">
<subfield code="a">Proyecto propuesta de creación de un nuevo producto turístico en Segovia: ruta feminista en Segovia</subfield>
</datafield>
</record></metadata></record></GetRecord></OAI-PMH>